| 000 | 00371nam a2200145Ia 4500 | ||
|---|---|---|---|
| 020 | _a0791000192(hb) | ||
| 082 |
_a611 _bHUM _cD. |
||
| 245 | _aThe human body | ||
| 260 |
_aNew York: _bChelsea House Publishers, _c1990 |
||
| 300 |
_a127 p : _bill. |
||
| 526 |
_a0 _b0 _c0 _d611_000000000000000_HUM |
||
| 650 |
_aBody - Human _940423 |
||
| 650 |
_aMCE _9379 |
||
| 942 |
_2ddc _cBK |
||
| 999 |
_c544717 _d544717 |
||